Zhrnutie o živnosti

Živnostenské oprávnenie a podmienky prevádzkovania živnosti. Zodpovedný zástupca. Ohlásenie živnosti a správne poplatky. Vznik a trvanie živnosti z hľadiska odvodov a daní. Živnosť popri štúdiu. Živnosť popri dôchodku. Pozastavenie živnosti. Zrušenie živnosti.

Salvato in:
Dettagli Bibliografici
Autore principale: Danajovičová, Katarína
Natura: Capitolo di libro
Lingua:slovacco
Soggetti:
Tags: Aggiungi Tag
Nessun Tag, puoi essere il primo ad aggiungerne!!

MARC

LEADER 00000naa a2200000 4500
001 0235799
005 20221104111155.4
041 0 |a slo 
044 |a SK 
245 1 0 |a Zhrnutie o živnosti  |c Katarína Danajovičová 
520 |a Živnostenské oprávnenie a podmienky prevádzkovania živnosti. Zodpovedný zástupca. Ohlásenie živnosti a správne poplatky. Vznik a trvanie živnosti z hľadiska odvodov a daní. Živnosť popri štúdiu. Živnosť popri dôchodku. Pozastavenie živnosti. Zrušenie živnosti. 
610 2 0 |a živnosti 
610 2 0 |a živnostníci 
610 2 0 |a osoby samostatne zárobkovo činné 
610 2 0 |a legislatíva 
610 2 0 |a dane z príjmov 
610 2 0 |a odvody 
610 2 0 |a poistenie sociálne 
100 1 |a Danajovičová, Katarína